000 00894nam a2200289Ia 4500
003 GCL
008 140319s9999 xx 000 0 ara d
040 _aGCL /
_cGCL
082 0 4 _aط
_b502
_bد س
100 1 _aالدار الدولية للنشر والتوزيع
245 1 0 _aسلسلة العالم الصغير /
_cالدار الدولية للنشر والتوزيع
260 _a[S.N] :
_bالدار الدولية للنشر والتوزيع ،
_c1991
300 _a32 ص
490 _aسلسلة العالم الصغير
_v0
650 0 4 _aالفضاء
650 0 4 _aالصوت
650 0 4 _aالحرارة
650 0 4 _aالفيزياء
650 0 4 _aالعلوم
650 0 4 _aالذرات
650 0 4 _aالارض
650 0 4 _aالحيوان
650 0 4 _aالمياه
650 0 4 _aالهواء
650 0 4 _aالحياة البحرية
942 _2ddc
_cBK
999 _c29324
_d29324